000 00277nam a22000857a 4500
008 230211b ||||| |||| 00| 0 eng d
100 _aLitle, William & Sherman, Michael
245 _aA Guide to Grading and Expertizing United States Stamps
650 _aExpertizing|United States Stamps
999 _c3489
_d3489